| 000 | 00757nam a2200229 a 4500 | ||
|---|---|---|---|
| 001 | vtls003249512 | ||
| 003 | MY-SjTCS | ||
| 005 | 20200226115738.0 | ||
| 008 | 121220s2012 enk 000 1 eng d | ||
| 020 | _a9781444727333 (pbk.) | ||
| 039 | 9 |
_a201303091550 _bwilmina _c201302261426 _dizani _y201212201123 _zmalathy |
|
| 082 | 0 | 4 |
_a813.54 _bKIN 2012 |
| 100 | 1 |
_aKing, Stephen, _d1947- |
|
| 245 | 1 | 0 |
_a11.22.63 : _ba novel / _cStephen King. |
| 246 | 3 | _aEleven.twenty-two.sixty-three | |
| 246 | 3 | _a11/22/63 a novel | |
| 260 |
_aLondon : _bHodder & Stoughton, _c2012. |
||
| 300 |
_a740 p. ; _c20 cm. |
||
| 600 | 1 | 0 |
_aKennedy, John F. _q(John Fitzgerald), _d1917-1963 _xAssassination _vFiction. |
| 650 | 0 |
_aTime travel _vFiction. _930725 |
|
| 920 | _aCAL : 194582 | ||
| 999 | _c153111 | ||